000
00293nam a2200097Ia 4500
082
_a
T 616.911 GONZ
245
0
_a
Frequently asked questions about human papillomavirus
100
_a
Gonzalez, Lissette New York, 2009
_9
75970
942
_c
BK
008
210817s9999 xx 000 0 und d
999
_c
253857
_d
253856